| 000 | 00981nam a22002417a 4500 | ||
|---|---|---|---|
| 001 | 14504 | ||
| 003 | BD-JhCC | ||
| 005 | 20260127114126.0 | ||
| 008 | 260121b |||||||| |||| 00| 0 eng d | ||
| 020 | _a9789848729984 | ||
| 035 | _a(BD-JhCC) 14504 | ||
| 040 |
_aBD-JhCC _dBD-JhCC |
||
| 041 | _aBangla | ||
| 082 |
_223 _a895.636 _bHIG 2020 |
||
| 100 | _aহিগাশিনো,কিয়েগো | ||
| 245 |
_aদ্য ডিভোশন অব সাসপেক্ট এক্স / _cকিয়েগো হিগাশিনো, অনুবাদঃ সালমান হক |
||
| 246 | _aThe Devotion Of Suspect X | ||
| 260 |
_aঢাকাঃ _bবাতিঘর প্রকাশনী, _c২০২০ |
||
| 300 |
_a২৬৭ পৃ.; _c২২ সেমি. _eপেপার বাইণ্ডিং |
||
| 650 | _aজাপানি সাহিত্য-ফিকশন | ||
| 700 |
_aহক,সালমান _q[অনুবাদক] |
||
| 942 |
_2ddc _cBK |
||
| 999 |
_c14504 _d14504 |
||